Cómo se eligen las autoridades municipales en Costa Rica /
Kaydedildi:
| Yazar: | |
|---|---|
| Materyal Türü: | Kitap |
| Dil: | Spanish |
| Baskı/Yayın Bilgisi: |
San José, Costa Rica:
Editorial del Instituto de Formación y Estudios en Democracia del Tribunal Supremo de Elecciones,
2019
|
| Seri Bilgileri: | Serie Para Entender
N° 5 |
| Konular: | |
| Etiketler: |
Etiketle
Etiket eklenmemiş, İlk siz ekleyin!
|
MARC
| LEADER | 00000nam a22000007a 4500 | ||
|---|---|---|---|
| 003 | cru CIDCACS/IIS | ||
| 005 | 20231113104221.0 | ||
| 008 | 200304t2019 cr |||||r|||||||| ||spa|d | ||
| 040 | |c cru CIDCACS/IIS | ||
| 090 | |a 04.04.02 F363c | ||
| 100 | 1 | |a Fernández Masís, Héctor |9 9109 | |
| 245 | 1 | |a Cómo se eligen las autoridades municipales en Costa Rica / |c Héctor Fernández Masís | |
| 260 | |a San José, Costa Rica: |b Editorial del Instituto de Formación y Estudios en Democracia del Tribunal Supremo de Elecciones, |c 2019 | ||
| 300 | |a 28 páginas : |b tablas | ||
| 440 | |9 9106 |a Serie Para Entender |v N° 5 | ||
| 650 | 0 | 4 | |9 1963 |a GOBIERNO LOCAL |
| 650 | 0 | 0 | |9 8572 |a MUNICIPALIDAD |
| 651 | 0 | |9 32 |a COSTA RICA | |
| 942 | |2 ddc |c LI |h 04.04.02 F363c |i 17390 |6 040402_F363C_17390 | ||
| 999 | |c 42280 |d 42280 | ||
